[Event "Bengaluru Karnataka op"]
[Site "Bengaluru"]
[Date "2018.04.17"]
[Round "8"]
[White "Gahan, MG."]
[Black "Arnav, Muralidhar"]
[Result "1/2-1/2"]
[WhiteElo "2281"]
[BlackElo "1410"]
[PlyCount "38"]
[EventDate "2018.04.14"]
[EventType "swiss"]
[EventRounds "10"]
[EventCountry "IND"]
[SourceTitle "CBM 184 Extra"]
[Source "ChessBase"]
[SourceDate "2018.06.28"]
[SourceVersion "1"]
[SourceVersionDate "2018.06.28"]
[SourceQuality "1"]

1. e4 c5 2. c3 d5 3. exd5 Qxd5 4. d4 Nf6 5. Nf3 Bg4 6. dxc5 Qxc5 7. Be3 Qh5 8. Nbd2 e6 9. Qb3 Nbd7 10. Qxb7 Rb8 11. Qa6 Be7 12. Be2 Nd5 13. Bxa7 Rxb2 14. Qc8+ Bd8 15. Be3 e5 16. h3 0-0 17. 0-0-0 Rxa2 18. hxg4 Qg6 19. Ne4 Nxe3 1/2-1/2